000 00595nam a2200193Ia 4500
005 20250507130156.0
008 008 250505s9999 xx 000 0 eng d
037 _aSeries Article
040 _aEASL
_beng
_cEASL
041 _aeng
_2eng
084 _qEASL
245 0 _aChina's contentious pensioners William Hurst and Kevin J. O'Brien
260 _aUK
_bLondon School of Oriental & African Studies UK
_c2002
300 _a345-360
546 _aChina's workers : Reform, resistance and reticence
650 _aChina - Workers
942 _cSRA
999 _c1318109
_d1318109